000
00214 a2200109 4500
003
Nust
005
20170207154225.0
040
_c
Nust
082
_a
371.33
245
_a
U-Turn (VHS-39)
440
_a
U-Turn (VHS-39)
538
_a
Duration Mins 98
999
_c
195541
_d
195541